000 00745nam a2200205 i 4500
001 104013
003 ES-MaACL
005 20230906183506.0
007 t|
008 051122s1952 sp ||||1| spa d
100 1 _aMetford, J. C. J.
_980725
245 1 3 _aLa aportación británica a los estudios hispánicos e hispanoamericanos /
_cpor J. C. J. Metford; [traducción de D. Arturo del Hoyo; índice de nombres y títulos por D. J. Grant-Robertson].
250 _a[1ª ed. española].
260 _aBarcelona :
_bBarna,
_c1952.
300 _a97 p., 7 lám. ;
_c21 cm.
700 1 _aHoyo, Arturo del,
_d1917-2004
_964424
700 1 _aGrant-Robertson, J.
_959663
852 _aES-MaACL
_j1958-F-11
_bR.34922
999 _c104013
_d104013